Chaînes Youtube Harry Potter par anagramme - Statistiques

Statistiques générales
  • Ce quiz a été pris 155 fois
    101 depuis la dernière actualisation
  • Le résultat moyen est 5 sur 10
Statistiques - réponses
Lettres Chaîne % Correct
inni 9 /43 Nini 9 3/4
91%
xiefl lisicfe Felix Felicis
84%
usov--zeuiqsva Vous-Savez-Qui
65%
nbe tsph Ben Hpts
55%
ssiiru tmloap Sirius Patmol
48%
li ttiaé enu ldumeo Il était une moldue
47%
'eelfl de minosa L'elfe de maison
44%
aaémilc te el onmde d'rryah ttreop Camélia et le monde d'Harry Potter
42%
rimane ua trrreei Marine au terrier
35%
vnclwarae Ravenclau
25%
Aucun quiz correspondant
Distribution des résultats
% des personnes avec chaque résultat
Percentile par nombre de réponses
Votre historique - résultats
Vous n’avez pas pris ce quiz depuis la dernière actualisation